Iniciatívna kritika K nedožitému 75. výročiu narodenia E. Urxa

Bibliographic Details
Main Author: Veľký, Jozef, 1926-2003 (Author)
Other Authors: Urx, Eduard, 1903-1942 (gup)
Format: Article
Language:Slovak
Subjects:

MARC

LEADER 00000nab a2200000 a 4500
001 vtls000311906
003 SK-MaSNL
005 20260303184959.0
008 111201c1978 xo 0 slo
015 |a SNBRB19rr/mm-uuuuu 
035 |a CL0001998 
040 |a SNKBUCL  |b slo  |c SNKBUCL  |e AACR2 
041 0 |a slo 
044 |a xo  |c SK 
080 |a 82(091):885.0"19":92  |2 1981 
080 |a 885.0"19"  |2 1981 
080 |a 885.0(091)"19"  |2 1981 
080 |a 92 Urx, Edo  |2 1981 
100 1 |a Veľký, Jozef,  |d 1926-2003  |4 aut  |9 123315 
245 1 0 |a Iniciatívna kritika  |b K nedožitému 75. výročiu narodenia E. Urxa  |c Jozef Veľký ; Eduard Urx 
600 1 7 |a Urx, Eduard,  |d 1903-1942  |2 snkbucl  |9 208466 
655 7 |a články z novín a časopisov  |2 snkbucl  |9 267496 
655 7 |a články z odboru literárna veda a krásna literatúra  |2 snkbucl  |9 770045 
700 1 |a Urx, Eduard,  |d 1903-1942  |4 gup  |9 208466 
773 0 |t Pravda  |g Roč. 59, č. 23B (27. 1. 1978), s. 5 
850 |a Slovenská národná knižnica v Martine  |a MTA001 
852 |a SNK  |b KIS3GCP 
958 |a RK 
958 |a LX 
958 |a SK 
992 |a RBX 
999 |c 2129151  |d 2131081